000 00468nam a2200169Ia 4500
003 GCL
008 140319s9999 xx 000 0 ara d
040 _aGCL /
_cGCL
082 0 4 _a820.9
_bد ش
245 1 0 _aشكسبير والانسان المستوحد: دراسة فى الاغتراب
300 _a250 ص
490 _a
650 0 4 _aالادب الانجليزى
650 0 4 _aتاريخ ونقد
650 0 4 _aشكسبير، ويليام
942 _2ddc
_cBK
999 _c38001
_d38001